| 000 | 00383nam a2200121 4500 | ||
|---|---|---|---|
| 999 |
_c11352 _d11352 |
||
| 008 | 181117b ||||| |||| 00| 0 eng d | ||
| 100 |
_932608 _aSalaverria, Leila B. |
||
| 245 |
_aHuman rights still sore point in PH-EU ties/ _cLeila B. Salaverria |
||
| 260 |
_aPhilippines _bPhilippine Daily Inquirer _cc2017 |
||
| 300 | _apage A5. | ||
| 650 | 0 |
_932609 _aHuman rights. |
|
| 942 |
_2ddc _cPER |
||